00716nam a2200241 a 4500001001300000003000900013005001700022008004100039020001000080082001700090100002800107245004800135260005300183300000900236500003500245505001000280650003000290700002800320902000800348942000700356952009600363999001500459nice12345678IN_TiNIC20260116011601.0050524s1941 alia grp 000 0 eng  ac10000a340.59bAHM5 aAhmad, Muhammad Basheer aAdministration of Justice in Medieval India aAligarhbAligarh Historical Research Inst.c1941 a307p aincludes index and biblioraphy2 aIndex aIslamic-Law Jurisprudence1 aAhmad, Muhammad Basheer bSRS cBK 00104070aHMIbHMId2007-05-01g100.00l0o340.59 AHM5p1654r2007-05-01w2026-01-16yEB c2747d2747